00521nam a22001697a 450000500170000001000150001702000260003203500140005803700130007208200160008510000200010124500700012126000430019127000540023430000230028850000400031120150922151042.0 aENG-113717 a9788170546764c400.00 aEN- 97249 bDBAD/PUB a305.0954127 aMehrotra, Onika aSocial and political factions of rural India /cby Onika Mehrotra aNew DelhibClassical Publishing c2014 a28, Shopping Centre, KarampurabNew Delhie110015 avi,141p.c21cm(Hb) aIncludes bibliographical references